00586nam a22001697a 4500003000900000008004100009040007100050082001500121100001900136245004700155260002400202300005000226505009200276650001700368650001600385650001500401AR-CdUCM190312b ||||| |||| 00| 0 spa d aMUNICIPALIDAD PROVINCIAL DEL CUSCOcBIBLIOTECA MUNICIPAL DEL CUSCO a711 /bB79 aBozo, Letunic  aThe Restoration of Dubrovnik 1979 - 1989 / bNasa Djeca ;c1990. a371 páginas ;bFotografías, planos c28cm aContenido: Monuments -- Studies and discussions -- The historic nucleus of Dubrovnik... aArchitecture aEdification aMonuments